| 000 | 01241nam a2200229 4500 | ||
|---|---|---|---|
| 005 | 20250415125824.0 | ||
| 008 | 250415b |||||||| |||| 00| 0 eng d | ||
| 020 | _a9780816676118 | ||
| 037 | _cTextual | ||
| 040 |
_aRTL _cRTL |
||
| 084 |
_aY:3(S56).73 Q2 _qRTL |
||
| 100 |
_aCastiglia, Christopher _9752295 |
||
| 245 | _aIf memory serves: Gay men, AIDS, and the promise of the queer past | ||
| 260 |
_aLondon _bUniversity of Minnesota press _c2012 |
||
| 300 |
_a259 p. ill. _bIncludes bibliographical reference and index |
||
| 520 | _aThe AIDS epidemic soured the memory of the sexual revolution and gay liberation of the 1970s, and prominent politicians, commentators, and academics instructed gay men to forget the sexual cultures of the 1970s in order to ensure a healthy future. But without memory there can be no future, argue Christopher Castiglia and Christopher Reed in this exploration of the struggle over gay memory that marked the decades following the onset of AIDS. | ||
| 650 |
_aQueer theory United States _9752296 |
||
| 650 |
_aGay and lesbian studies _9752297 |
||
| 650 |
_aAIDS disease Social aspects _9752298 |
||
| 700 |
_aReed, Christopher _eCo-author _9752299 |
||
| 942 |
_2CC _n0 _cTB _hY:3(S56).73 Q2 |
||
| 999 |
_c1309007 _d1309007 |
||